| 000 | 00907nam a22002657 4500 | ||
|---|---|---|---|
| 999 |
_c863 _d863 |
||
| 003 | AR-BaISA | ||
| 005 | 20220418093832.0 | ||
| 007 | ta | ||
| 008 | 220413s1987 ag |||f |||| 001 0 spa d | ||
| 020 | _a9502303024 | ||
| 040 |
_bspa _cAR-BaISA |
||
| 082 | 0 | 4 |
_222 _a379.82 M765 |
| 100 | 1 |
_92039 _aMontenegro, Adelmo |
|
| 245 | 1 | 3 |
_aLa educación argentina: _breforma y fines / _cAdelmo Montenegro |
| 260 |
_aBuenos Aires: _bEudeba, _c1987 |
||
| 300 | _a45 p. | ||
| 504 | _aBibliografía al final de cada capítulo. | ||
| 505 |
_tLa idea del hombre y la crisis de la educación -- _tLos fines de la educación y el sistema educativo nacional -- _tReforma educativa: nación e ideal pedagógico |
||
| 650 | 1 | 0 |
_9287 _aEducación |
| 650 | 1 | 0 |
_92040 _aSistema educativo |
| 650 | 1 | 4 |
_91571 _aPolítica educacional |
| 650 | 1 | 4 |
_91439 _aReforma de la educación |
| 651 | 1 | 4 |
_93 _aArgentina |
| 942 |
_2ddc _cLI _e22 |
||